The divine song of Goda. (Record no. 87706)
[ view plain ]
| 000 -LEADER | |
|---|---|
| fixed length control field | 00702cam a2200229 4500 |
| 001 - CONTROL NUMBER | |
| control field | sa 68017410 |
| 003 - CONTROL NUMBER IDENTIFIER | |
| control field | DLC |
| 005 - DATE AND TIME OF LATEST TRANSACTION | |
| control field | 20260227112702.0 |
| 008 - FIXED-LENGTH DATA ELEMENTS--GENERAL INFORMATION | |
| fixed length control field | 710517s1967 ii 00000 eng |
| 010 ## - LIBRARY OF CONGRESS CONTROL NUMBER | |
| LC control number | sa 68017410 //r83 |
| 025 ## - OVERSEAS ACQUISITION NUMBER | |
| Overseas acquisition number | PL480:I-E-10620 |
| 041 1# - LANGUAGE CODE | |
| Language code of text/sound track or separate title | engund |
| 050 0# - LIBRARY OF CONGRESS CALL NUMBER | |
| Classification number | BL1226.3 |
| Item number | .A5313 |
| 082 ## - DEWEY DECIMAL CLASSIFICATION NUMBER | |
| Classification number | 894/.811/11 |
| 100 00 - MAIN ENTRY--PERSONAL NAME | |
| Personal name | Āṇṭāḷ. |
| 240 10 - UNIFORM TITLE | |
| Uniform title | Tiruppāvai. |
| Language of a work | English |
| 245 14 - TITLE STATEMENT | |
| Title | The divine song of Goda. |
| Statement of responsibility, etc. | English translation of Andal's Tiruppavai with transliteration by V. K. Varadachari. |
| 260 0# - PUBLICATION, DISTRIBUTION, ETC. | |
| Place of publication, distribution, etc. | [Madras, |
| Name of publisher, distributor, etc. | Visual Graphics; distributors: Higginbothams, |
| Date of publication, distribution, etc. | 1967] |
| 300 ## - PHYSICAL DESCRIPTION | |
| Extent | 63 p. |
| Dimensions | 18 cm. |
| 350 ## - PRICE (NR) (BK AM CF MU VM SE) [OBSOLETE] | |
| Price | 1.75 |
| 700 11 - ADDED ENTRY--PERSONAL NAME | |
| Personal name | Varadachari, V. K., |
| Dates associated with a name | 1923- |
| Relator term | tr. |
No items available.